Artículos de costumbres

Uloženo v:
Podrobná bibliografie
Hlavní autoři: Vallejo, José Joaquín (Autor), Jotabeche José Joaquín Vallejo (Autor)
Médium: Kniha
Jazyk:španělština
Vydáno: Buenos Aires Astral 1966
Témata:
Tagy: Přidat tag
Žádné tagy, Buďte první, kdo vytvoří štítek k tomuto záznamu!

MARC

LEADER 00000nam a2200000 a 4500
001 UCQ6237
003 CL-VaPUC
008 981009e19660000AG |||||||||||||||||spa|d
082 0 4 |a Ch864  |b VAL  |2 21 
100 0 |a Vallejo, José Joaquín  |e author  |9 420132 
700 |a Jotabeche  |e author  |q José Joaquín Vallejo  |9 420316 
245 1 0 |a Artículos de costumbres 
300 |a 184 p 
942 |c BK 
945 |d 19981009 00:00:00  |a crobeson 
260 |a Buenos Aires  |b Astral  |c 1966 
650 0 |a Ensayos chilenos   |9 269132 
650 0 |a Literatura chilena   |9 308278 
583 |a last modification  |c 19981009 00:00:00  |k Rodrigo Vera 
999 |c 276238  |d 276236 
952 |0 0  |1 0  |4 0  |6 CH_864_000000000000000_VAL_1966  |7 0  |8 A  |9 313388  |a BIBEDU  |b BIBEDU  |d 2019-11-20  |i 1477250  |o Ch864 VAL 1966  |p 1477250  |r 2019-11-20  |w 2019-11-20  |y BK  |k LIT